Dieren op de wapenschilden van de Belgische provincies - Statistieken

Algemene statistieken
  • Deze quiz is 20 keer genomen
  • De gemiddelde score is 7 van 10
Antwoordstatistieken
# Dieren Provincie % Correct
4 Gouden Leeuw, Gouden Griffioen, Zwarte Dubbele Adelaar, Zwarte Adelaar Antwerpen
94%
4 2 Zwarte Leeuwen, 2 Rode Leeuwen Henegouwen
72%
3 3 Groene Leeuwen Luik
72%
3 3 Zwarte Leeuwen Oost-Vlaanderen
72%
3 3 Gouden Leeuwen Vlaams Brabant
72%
1 Zwarte Leeuw Namen
67%
3 2 Rode Hanen, Gouden Leeuw Waals Brabant
67%
3 Hert, Zwaan, Rode Leeuw Limburg
61%
3 2 Zwarte Leeuwen, Beer West-Vlaanderen
61%
1 Rode Leeuw Luxemburg
56%
Geen overeenkomende quizzen gevonden
Scoreverdeling
Procent van Mensen met Elke Score
Percentiel versus Aantal Correcte Antwoorden
Uw Scoregeschiedenis
U heeft deze quiz nog niet genomen